| 000 | 00440nam a2200169Ia 4500 | ||
|---|---|---|---|
| 003 | OSt | ||
| 005 | 20260321111304.0 | ||
| 008 | 211028s2018 xx 000 0 und d | ||
| 040 | _cAIMIT LIBRARY | ||
| 041 | _aeng | ||
| 100 |
_aK, Sandeep Kumar; B L Srinivas, _g151773 _95097 |
||
| 110 |
_aSrinivas B L _95098 |
||
| 245 | _aHotel Pickup / | ||
| 260 |
_aMangalore _c2018 |
||
| 710 |
_aSupremo Astute Technologies _95099 |
||
| 942 |
_2ddc _cPRO |
||
| 999 |
_c217792 _d217792 |
||